Every Disney Television Show - Statistics

General Stats
  • This quiz has been taken 96 times
    43 since last reset
  • The average score is 33 of 219
Answer Stats
Hint Answer % Correct
2011-2015 Jessie
59%
2006-2011 Hannah Montana
56%
2007-2015 Phineas & Ferb
56%
2010-2013 Shake it Up
56%
2007-2012 Wizards of Waverly Place
56%
1987-1990 Ducktales
52%
2017-2021 DuckTales
52%
2010-2014 Good Luck Charlie
48%
2011-2014 A.N.T Farm
44%
2011-2016 Austin & Ally
44%
2013-2019 Mickey Mouse
44%
2003-2007 That’s So Raven
44%
2005-2008 The Suite Life of Zack & Cody
44%
2012-2016 Gravity Falls
41%
2002-2007 Kim Possible
41%
2013-2017 Liv & Maddie
41%
2001-2004 Lizzie McGuire
41%
2016-2019 Bizaardvark
37%
2015-2024 Bunk’d
37%
1988-1989 Chip 'n Dale: Rescue Rangers
37%
2012-2020 Doc McStuffins
37%
2016-2018 Stuck in the Middle
37%
2012-2015 Dog with a Blog
33%
2012-2016 Lab Rats
33%
2003-2006 Lilo & Stitch: The Series
33%
2006-2016 Mickey Mouse Clubhouse
33%
2009-2011 Sonny with a Chance
33%
2001-2005 The Proud Family
33%
2008-2011 The Suite Life on Deck
33%
1997-2006 Bear in the Big Blue House
30%
2015-2018 K.C. Undercover
30%
2017-2023 Raven’s Home
30%
2012-2018 Sofia the First
30%
1990-1991 Talespin
30%
1994-1995 Aladdin
26%
2007-2008 Cory in the House
26%
2010-2014 Fish Hooks
26%
2006-2013 Handy Manny
26%
2001-2009 House of Mouse
26%
2011-2015 Kickin’ It
26%
2013-2015 Mighty Med
26%
2011-2012 So Random
26%
2001-2004 Stanley
26%
1992-1994 The Little Mermaid
26%
2009-2012 Zeke & Luther
26%
1997-1999 101 Dalmatians: The Series
22%
2005-2007 American Dragon: Jake Long
22%
2019-2022 Amphibia
22%
2018-Present Big City Greens
22%
2000-2003 Even Stevens
22%
1996-1997 Gargoyles
22%
2014-2017 Girl Meets World
22%
2005-2009 Little Einsteins
22%
2016-2019 Milo Murphy’s Law
22%
2010-2013 Pair of Kings
22%
1998-2000 PB&J Otter
22%
1997-2002 Recess
22%
2006-2008 The Emperor’s New School
22%
1995-1999* Timon & Pumbaa
22%
2004-2006 Brandy & Mr. Whiskers
19%
2012-2014 Crash & Bernstein
19%
1991-1992 Darkwing Duck
19%
2016-2020 Elena of Avalor
19%
2022-Present Hamster & Gretel
19%
1998-1999* Hercules: The Animated Series
19%
2014-2015 I Didn’t Do It
19%
2003-2007 JoJo’s Circus
19%
2009-2012 Jungle Junction
19%
2010-2012 Kick Buttowski: Suburban Daredevil
19%
2016 Lab Rats: Elite Force
19%
1996 Quack Pack
19%
1998-2004 Rolie Polie Olie
19%
2009-2013 Special Agent Oso
19%
2015-2019 Star vs. the Forces of Evil
19%
2017-2020 Tangled: The Series
19%
2015-2019 The Lion Guard
19%
2006-2009 The Replacements
19%
2017-2019 Vampirina
19%
2024-Present Wizards Beyond Waverly Place
19%
2024-Present Zombies: The Re-Animated Series
19%
1985-1997 Adventures of the Gummi Bears
15%
2024-Present Ariel
15%
1993-1994 Bonkers
15%
2022 Chibiverse
15%
2004-2005 Dave the Barbarian
15%
1997-2001 Doug
15%
2002-2004 Fillmore!
15%
1992 Goof Troop
15%
2011-2016 Jake and the Neverland Pirates
15%
2004-2006 Phil of the Future
15%
2005-2006 The Buzz on Maggie
15%
2001-2003 The Legend of Tarzan
15%
2020-2023 The Owl House
15%
2000-2002 The Weekenders
15%
2009-2010 Aaron Stone
11%
2017-2019 Andi Mack
11%
2015-2016 Best Friends Whenever
11%
2018-2021 Big Hero 6: The Series
11%
1998-2001 Bug Juice
11%
2000-2001* Buzz Lightyear of Star Command
11%
2015-2018 Goldie & Bear
11%
2013-2015 Henry Hugglemonster
11%
2004-2008 Higglytown Heroes
11%
2023-Present Kiff
11%
2021-Present Mickey Mouse Funhouse
11%
1996-1997 Mighty Ducks: The Animated Series
11%
2015-2018 Miles from Tomorrowland
11%
2020-2022 Mira, Royal Detective
11%
2018-2022 Muppet Babies
11%
2007-2010 My Friends Tigger & Pooh
11%
1997-2001 Pepper Anne
11%
2011 PrankStars
11%
2024-Present Primos
11%
2017-2023 Puppy Dog Pals
11%
2014-2017 Sherriff Callie’s Wild West
11%
1999-2001 So Weird
11%
2021-Present Spidey and his Amazing Friends
11%
1989-1996 The All-New Mickey Mouse Club
11%
2001-2003 The Book of Pooh
11%
1998-2001 The Famous Jett Jackson
11%
2021-2024 The Ghost & Molly McGee
11%
1999-2004 The Jersey
11%
1997-2002 The New Adventures of Winnie the Pooh
11%
2022-Present The Villains of Valley View
11%
1954-Present The Wonderful World of Disney
11%
2016-2018 Walk the Prank
11%
2013-2016 Wander Over Yonder
11%
1992-1997 Adventures in Wonderland
7%
2007-2008 Bunnytown
7%
2012 Code 9
7%
2018-2020 Coop & Cami Ask the World
7%
1983-1999 EPCOT Magazine
7%
2018-2022 Fancy Nancy
7%
2022-Present Firebuds
7%
1995-1999 Flash Forward
7%
2015-2019 Gamer’s Guide to Pretty Much Everything
7%
1983-1992 Good Morning, Mickey
7%
2008-2013 Imagination Movers
7%
2000-2001 In a Heartbeat
7%
2005-2008 Johnny and the Sprites
7%
2009-2010 Jonas L.A.
7%
1997-1998 Jungle Cubs
7%
2014-2017 Kirby Buckets
7%
2016-2018 MECH X-4
7%
2023-Present Me & Winnie the Pooh
7%
1999-2000 Mickey Mouse Works
7%
2023-Present Monsters at Work
7%
1983-1996 Mousercise
7%
1998-2004 Out of the Box
7%
2023-Present Pupstruction
7%
2012-2015 Randy Cunningham: 9th Grade Ninja
7%
2023 Saturdays
7%
2021-2023 Secrets of Sulphur Springs
7%
2014-2015 Star Wars Rebels
7%
2023-Present SuperKitties
7%
2000-2002 Teacher’s Pet
7%
2002-2004 Teamo Supremo
7%
2000 Totally Circus
7%
2001 Totally Hoops
7%
2002 Totally in Tune
7%
1983-1986 Welcome to Pooh Corner
7%
1983-1986 You And Me, Kid
7%
2005-2006 Breakfast with Bear
4%
2018-2018 Bug Juice: My Adventures at Camp
4%
1983-1989 Contraption
4%
2015-2017 Descendants: Wicked World
4%
1983-1992 Donald Duck Presents
4%
1984-1986 D-TV
4%
1985-1997 Dumbo’s Circus
4%
2019-2019 Fast Layne
4%
2016-2018 Future-Worm!
4%
2019-2021 Gabby Duran & the Unsittables
4%
1997-1999 Going Wild with Jeff Corwin
4%
1988-1989 Good Morning, Miss Bliss
4%
2009-2011 I’m in the Band
4%
2008-2010 Jonas Brothers: Living the Dream
4%
2019-2021 Just Roll With It
4%
2001-2002 Lloyd in Space
4%
1997-1999 Mad Libs
4%
2023-Present Marvel's Moon Girl and Devil Dinosaur
4%
2017-2020 Mickey Mouse Mixed-Up Adventures
4%
1998-1999 Off the Wall
4%
2014-2017 Penn Zero: Part-Time Hero
4%
2015-2018 Pickle and Peanut
4%
2023 Pretty Freekin Scary
4%
2022 Roman to the Rescue
4%
2018-2020 Star Wars Resistance
4%
2019-2021 Sydney to the Max
4%
2014-2016 The 7D
4%
2021-2022 The Chicken Squad
4%
2019-2020 The Rocketeer
4%
1992 The Secret of Lost Creek
4%
2001-2008 The Wiggles
4%
2019-2022 T.O.T.S.
4%
2022 Ultra Violet & Black Scorpion
4%
2009-2010 Where is Warehouse Mouse?
4%
2022-2024 Alice’s Wonderland Bakery
0%
2017 Billy Dilley's Super-Duper Subterranean Summer
0%
1984-1986 Disney Family Album
0%
2020 Disney Fam Jam
0%
2021 Disney’s Magic Bake Off
0%
2022-2023 Eureka!
0%
2021-2022 Eye Wonder
0%
2021-2022 G.O.A.T.
0%
2023-Present Hailey’s On It!
0%
2016-2017 LEGO Star Wars: The Freemaker Adventures
0%
2017-2020 Marvel’s Spider Man
0%
2012-2013 Motorcity
0%
2023-Present Playdate with Winnie the Pooh
0%
2016-2017 Right Now Kapow
0%
1984-1991 Symbol
0%
2012 Tales of Friendship with Winnie the Pooh
0%
1989-1992 Teen Win, Lose, or Draw
0%
1995 The Shnookums & Meat Funny Cartoon Show
0%
2012-2013 Tron: Uprising
0%
1987-1989 Videopolis
0%
2014 Win, Lose or Draw
0%
2009 Yin Yang Yo!
0%
No matching quizzes found
Score Distribution
Percent of People with Each Score
Percentile by Number Answered
Your Score History
You have not taken this quiz since the last reset